01358nam a2200145 a 450000100100000000500170001000800410002704000250006808200160009324501040010926000750021330000210028850508710030970000320118000001086820200929162317.0091012s1994 dr 001 0 spa d aDO-SdBNPbspacBNPHU axxxxbG575c00aGobierno compartido :bpropuestas básicas 1994-1998 /cpresentación José Fco. Peña Gómez. aSanto Domingo :bPartido Revolucionario DominicanobDe Colores,c1994. a137 p. ;c27 cm.2 aModernización y reforma del estado -- Política de relaciones exteriores -- Fuerzas Armadas y Policia Nacional -- Planificación y políticas económicas -- Política de energía -- Política de transporte -- Política agropecuaria -- Política de recursos hídricos -- Recurso naturales y medio ambiente -- Política industrial -- Política minera y petrolera -- Política de turismo -- Políticas sociales -- Política cultural -- Política científica y tecnologica -- Política de salud y seguridad social -- Política de la mujer -- Política de juventud -- Política de deportes y recreación -- Política de población y familia -- Política de desarrollo urbano y catastro -- Política habitacional -- Política de aguas potables y alcantarillado -- Política sindical y relaciones laborales -- Política de precios y salarios.1 aPeña Gómez, José Fco.